[Event "GER Cup Net V1 U2000"]
[Site "Playchess.com INT"]
[Date "2020.05.19"]
[Round "5"]
[White "Hein, Ralf1111"]
[Black "Grabe, Lutz"]
[Result "0-1"]
[WhiteElo "1609"]
[BlackElo "1744"]
[PlyCount "46"]
[EventDate "2020.05.19"]
[EventType "swiss (blitz)"]
[EventRounds "9"]
[EventCountry "GER"]
[SourceTitle "EXT 2021"]
[Source "ChessBase"]
[SourceDate "2020.10.23"]
[SourceVersion "1"]
[SourceVersionDate "2020.10.23"]
[SourceQuality "1"]

1. c4 e5 2. Nc3 Nf6 3. g3 Bb4 4. Bg2 c6 5. e4 0-0 6. Nge2 b6 7. 0-0 Bb7 8. d3 d5 9. cxd5 cxd5 10. a3 Be7 11. Bg5 dxe4 12. Bxf6 Bxf6 13. Nxe4 Nc6 14. Rc1 Be7 15. b4 Qd7 16. f4 Rad8 17. Rc3 Ba6 18. f5 Nd4 19. f6 Bxf6 20. Nxf6+ gxf6 21. Rxf6 Nxe2+ 22. Kh1 Nxc3 23. Qg4+ Qxg4 0-1

[Event "GER-ch Net Amateur Gr-A Vor3"]
[Site "Playchess.com INT"]
[Date "2020.04.16"]
[Round "4"]
[White "Grabe, Lutz"]
[Black "Gottschalk, Siegfried"]
[Result "1-0"]
[WhiteElo "1650"]
[BlackElo "1798"]
[PlyCount "95"]
[EventDate "2020.04.16"]
[EventType "swiss (blitz)"]
[EventRounds "9"]
[EventCountry "GER"]
[SourceTitle "CBM 195 Extra"]
[Source "ChessBase"]
[SourceDate "2020.05.31"]
[SourceVersion "1"]
[SourceVersionDate "2020.05.31"]
[SourceQuality "1"]

1. d4 Nf6 2. Bf4 g6 3. Nc3 d5 4. e3 Bg7 5. Be2 a6 6. h4 h5 7. Qd2 0-0 8. f3 c5 9. dxc5 Nc6 10. 0-0-0 e5 11. Bg5 Be6 12. Bxf6 Bxf6 13. Nxd5 Bg7 14. e4 Kh7 15. Nh3 Nd4 16. Ng5+ Kg8 17. c3 Bxd5 18. exd5 Nxe2+ 19. Qxe2 Qa5 20. b4 Qa4 21. Qc2 Qa3+ 22. Qb2 Qa4 23. Qb3 Qd7 24. Rhe1 a5 25. Ne4 axb4 26. cxb4 Kh7 27. Ng5+ Kg8 28. g4 hxg4 29. fxg4 Qxg4 30. Re4 Qf5 31. Rde1 Bh6 32. Rxe5 Qf4+ 33. Kb1 Bg7 34. R5e4 Qf5 35. d6 b6 36. Qf3 Qd5 37. Qb3 Qf5 38. c6 Qf6 39. Re5 Rae8 40. d7 Rxe5 41. Rxe5 Qxe5 42. Nxf7 Qa1+ 43. Kc2 Qe1 44. Ng5+ Kh8 45. Qd3 Qxb4 46. d8Q Qc5+ 47. Kb3 Qb4+ 48. Kxb4 1-0

[Event "GER-ch Net Amateur Gr-A Vor3"]
[Site "Playchess.com INT"]
[Date "2020.04.16"]
[Round "3"]
[White "Jagodzinski, Andreas"]
[Black "Grabe, Lutz"]
[Result "1-0"]
[WhiteElo "1872"]
[BlackElo "1650"]
[PlyCount "59"]
[EventDate "2020.04.16"]
[EventType "swiss (blitz)"]
[EventRounds "9"]
[EventCountry "GER"]
[SourceTitle "CBM 195 Extra"]
[Source "ChessBase"]
[SourceDate "2020.05.31"]
[SourceVersion "1"]
[SourceVersionDate "2020.05.31"]
[SourceQuality "1"]

1. Nf3 Nf6 2. e3 b6 3. b3 Bb7 4. Bb2 c5 5. d4 e6 6. Bd3 Be7 7. 0-0 0-0 8. Nbd2 d5 9. Ne5 Nbd7 10. f4 Ne4 11. f5 exf5 12. Rxf5 f6 13. Nxd7 Qxd7 14. Rf3 f5 15. Rh3 Ng5 16. Rg3 Ne4 17. Bxe4 fxe4 18. dxc5 Bf6 19. Bxf6 Rxf6 20. Nxe4 Re6 21. Ng5 Re5 22. Qd4 Qe7 23. Nf3 Rxe3 24. cxb6 axb6 25. Rf1 Rxa2 26. Rxg7+ Qxg7 27. Qxe3 Rxc2 28. Qe8+ Qf8 29. Qxf8+ Kxf8 30. Nd4+ 1-0

[Event "Oberliga Baden 0708"]
[Site "Germany"]
[Date "2007.11.24"]
[Round "3.6"]
[White "Grabe, Lutz"]
[Black "Wenner, Tobias"]
[Result "1/2-1/2"]
[WhiteElo "2150"]
[BlackElo "2240"]
[PlyCount "33"]
[EventDate "2007.10.21"]
[EventType "team-tourn"]
[EventRounds "9"]
[EventCountry "GER"]
[SourceTitle "EXT 2009"]
[Source "ChessBase"]
[SourceDate "2008.11.26"]
[SourceVersion "1"]
[SourceVersionDate "2008.11.26"]
[SourceQuality "1"]
[WhiteTeam "Zaehringen"]
[BlackTeam "Eppingen II"]
[WhiteTeamCountry "GER"]
[BlackTeamCountry "GER"]

1. d4 f5 2. g3 Nf6 3. Bg2 g6 4. Nh3 Bg7 5. Nf4 d6 6. d5 c6 7. Nc3 e5 8. dxe6 Na6 9. e4 fxe4 10. Nxe4 Nxe4 11. Bxe4 Qa5+ 12. c3 Qe5 13. Qe2 Nc5 14. Bg2 Qxe2+ 15. Kxe2 Nxe6 16. Re1 Kf7 17. Kf1 1/2-1/2

[Event "Oberliga Baden 0607"]
[Site "Germany"]
[Date "2007.04.22"]
[Round "9.6"]
[White "Zichanowicz, Mark"]
[Black "Grabe, Lutz"]
[Result "0-1"]
[WhiteElo "2164"]
[BlackElo "2187"]
[PlyCount "131"]
[EventDate "2006.10.15"]
[EventType "team-tourn"]
[EventRounds "9"]
[EventCountry "GER"]
[SourceTitle "EXT 2008"]
[Source "ChessBase"]
[SourceDate "2007.11.25"]
[SourceVersion "1"]
[SourceVersionDate "2007.11.25"]
[SourceQuality "1"]
[WhiteTeam "Waldshut"]
[BlackTeam "Freiburg"]
[WhiteTeamCountry "GER"]
[BlackTeamCountry "GER"]

1. e4 c6 2. d4 d5 3. exd5 cxd5 4. c4 Nf6 5. Nc3 e6 6. Nf3 Nc6 7. c5 Ne4 8. Bb5 Nxc3 9. bxc3 Qa5 10. Qd3 Bd7 11. 0-0 Be7 12. Bd2 0-0 13. Bxc6 Bxc6 14. Rfb1 Bf6 15. Bf4 Rac8 16. Rb3 Rfe8 17. a4 b5 18. cxb6 axb6 19. Rba3 Be7 20. R3a2 f6 21. Qe2 Bd7 22. Bd2 Rc4 23. Be1 Bd6 24. Nd2 Rxa4 25. Rxa4 Bxa4 26. c4 Qa8 27. Nf3 Qc6 28. Qa2 Ra8 29. Nd2 Bf4 30. cxd5 Qxd5 31. Qb2 Bc7 32. Nf3 Bc6 33. Rxa8+ Bxa8 34. Qa3 Bd6 35. Bb4 Bxb4 36. Qxb4 Qa5 37. Qb1 Bd5 38. h4 b5 39. Qc2 b4 40. Qc8+ Kf7 41. Qd7+ Kf8 42. Qd6+ Ke8 43. Qb8+ Kd7 44. Qf8 b3 45. Qxg7+ Kc6 46. Qxh7 Bxf3 47. gxf3 Qa1+ 48. Kg2 Qxd4 49. Qe7 b2 50. Qxe6+ Kc5 51. Qf5+ Kb4 52. h5 Qe5 53. Qc2 Qg5+ 54. Kh3 Qxh5+ 55. Kg3 Qe5+ 56. Kg2 Qg5+ 57. Kh3 Qc1 58. Qe4+ Kc3 59. Qc6+ Kd2 60. Qd5+ Ke1 61. Qe4+ Kf1 62. Qd3+ Kxf2 63. Qd4+ Ke2 64. Qe4+ Qe3 65. Qc2+ Kxf3 66. Qg6 0-1

[Event "Oberliga Baden 0607"]
[Site "Germany"]
[Date "2007.02.04"]
[Round "5.5"]
[White "Grabe, Lutz"]
[Black "Neunhoeffer, Helmut"]
[Result "1/2-1/2"]
[WhiteElo "2187"]
[BlackElo "2305"]
[PlyCount "45"]
[EventDate "2006.10.15"]
[EventType "team-tourn"]
[EventRounds "9"]
[EventCountry "GER"]
[SourceTitle "EXT 2008"]
[Source "ChessBase"]
[SourceDate "2007.11.25"]
[SourceVersion "1"]
[SourceVersionDate "2007.11.25"]
[SourceQuality "1"]
[WhiteTeam "Freiburg"]
[BlackTeam "Heidelberg"]
[WhiteTeamCountry "GER"]
[BlackTeamCountry "GER"]

1. d4 Nf6 2. Bg5 c5 3. Bxf6 gxf6 4. d5 Qb6 5. Qc1 f5 6. e3 Bg7 7. c3 0-0 8. Nd2 Qd6 9. c4 e6 10. Qc2 exd5 11. 0-0-0 Qf6 12. cxd5 d6 13. Nh3 Bd7 14. Nf4 b5 15. Nh5 Qh6 16. Nxg7 Qxg7 17. Bd3 Na6 18. a3 c4 19. Bxf5 Bxf5 20. Qxf5 Nc5 21. Nf3 Nd3+ 22. Rxd3 cxd3 23. Qxd3 1/2-1/2

[Event "Oberliga Baden 0607"]
[Site "Germany"]
[Date "2006.10.29"]
[Round "2.5"]
[White "Hess, Markus"]
[Black "Grabe, Lutz"]
[Result "1-0"]
[WhiteElo "2191"]
[BlackElo "2187"]
[PlyCount "49"]
[EventDate "2006.10.15"]
[EventType "team-tourn"]
[EventRounds "9"]
[EventCountry "GER"]
[SourceTitle "CBM 115 Extra"]
[Source "ChessBase"]
[SourceDate "2007.01.10"]
[SourceVersion "1"]
[SourceVersionDate "2007.01.10"]
[SourceQuality "1"]
[WhiteTeam "Ladenburg"]
[BlackTeam "Freiburg"]
[WhiteTeamCountry "GER"]
[BlackTeamCountry "GER"]

1. e4 c6 2. d4 d5 3. Nc3 dxe4 4. Nxe4 Bf5 5. Ng3 Bg6 6. Bc4 e6 7. N1e2 Nf6 8. 0-0 Bd6 9. f4 Qc7 10. f5 Bxf5 11. Nxf5 Bxh2+ 12. Kh1 exf5 13. Rxf5 Bd6 14. Bh6 gxh6 15. Rxf6 Nd7 16. Rxf7 0-0-0 17. Qd3 Rdf8 18. Raf1 Qa5 19. Qh3 Rxf7 20. Rxf7 Qe1+ 21. Ng1 Rd8 22. Be6 Bg3 23. Bxd7+ Kb8 24. Qf5 Qd1 25. Qf3 1-0

[Event "Oberliga Baden 0506"]
[Site "Germany"]
[Date "2006.02.19"]
[Round "7.6"]
[White "Grabe, Lutz"]
[Black "Kopp, Berthold"]
[Result "1-0"]
[WhiteElo "2203"]
[BlackElo "2259"]
[PlyCount "73"]
[EventDate "2005.10.23"]
[EventType "team-tourn"]
[EventRounds "9"]
[EventCountry "GER"]
[SourceTitle "EXT 2007"]
[Source "ChessBase"]
[SourceDate "2006.11.23"]
[SourceVersion "1"]
[SourceVersionDate "2006.11.23"]
[SourceQuality "1"]
[WhiteTeam "Freiburg"]
[BlackTeam "Lahr"]
[WhiteTeamCountry "GER"]
[BlackTeamCountry "GER"]

1. d4 d5 2. c4 c6 3. Nc3 Nf6 4. Nf3 dxc4 5. a4 Bf5 6. Ne5 Nbd7 7. Nxc4 e6 8. g3 Bb4 9. Bg2 Nb6 10. Nxb6 Qxb6 11. 0-0 Rd8 12. e3 0-0 13. a5 Qc7 14. Qa4 Be7 15. e4 Bg6 16. Bf4 Qd7 17. Rad1 a6 18. b4 Rc8 19. Qb3 Rfd8 20. Rfe1 Qe8 21. Na4 Nd7 22. Re2 Qf8 23. Nc5 Nxc5 24. bxc5 Rd7 25. Qc3 Bxc5 26. Bh3 Rcd8 27. Be5 Bd6 28. Bf4 Bb4 29. Qc4 Bxa5 30. d5 cxd5 31. exd5 Rxd5 32. Rxd5 Rxd5 33. Qa4 Qd8 34. Kg2 Bd3 35. Rb2 Bb5 36. Qc2 Bc6 37. f3 1-0

[Event "Verbandsliga Sued Baden 9900"]
[Site "Germany"]
[Date "2000.02.13"]
[Round "6.1"]
[White "Gattenloehner, Sebastian"]
[Black "Grabe, Lutz"]
[Result "1/2-1/2"]
[WhiteElo "2230"]
[BlackElo "2195"]
[PlyCount "91"]
[EventDate "1999.10.??"]
[EventType "team"]
[EventRounds "9"]
[EventCountry "GER"]
[SourceTitle "EXT 2004"]
[Source "ChessBase"]
[SourceDate "2003.11.25"]
[SourceVersion "1"]
[SourceVersionDate "2003.11.25"]
[SourceQuality "1"]
[WhiteTeam "Engen"]
[BlackTeam "Freiburg II"]
[WhiteTeamCountry "GER"]
[BlackTeamCountry "GER"]

1. e4 c5 2. Nf3 Nc6 3. d4 cxd4 4. Nxd4 Nf6 5. Nc3 e5 6. Ndb5 d6 7. Bg5 a6 8. Na3 b5 9. Nd5 Be7 10. Bxf6 Bxf6 11. c3 Rb8 12. Nc2 a5 13. Bd3 0-0 14. h4 g6 15. Qf3 Bxh4 16. g4 Bg5 17. Nce3 b4 18. Kf1 bxc3 19. bxc3 Be6 20. Kg2 Kg7 21. Rab1 Rxb1 22. Rxb1 Qc8 23. Rb6 Ne7 24. Rxd6 Bxd5 25. exd5 Qxc3 26. Nc4 Bf4 27. Rd7 Ng8 28. Ra7 Nf6 29. Rxa5 Nxg4 30. Ra3 Qd4 31. Qxg4 Qxd5+ 32. Qf3 Qd8 33. Ra7 Qd4 34. Re7 Qd8 35. Rb7 Qg5+ 36. Kf1 Rd8 37. a4 Rd4 38. a5 e4 39. Bxe4 Rxc4 40. Rxf7+ Kxf7 41. Bd5+ Kg7 42. Bxc4 Bd6 43. Qf7+ Kh6 44. a6 Qc1+ 45. Ke2 Bc5 46. Kf3 1/2-1/2

[Event "Verbandsliga Sued Baden 9899"]
[Site "Germany"]
[Date "1999.04.18"]
[Round "9.1"]
[White "Goldstern, Filip Daniel"]
[Black "Grabe, Lutz"]
[Result "1/2-1/2"]
[WhiteElo "2355"]
[BlackElo "2195"]
[PlyCount "75"]
[EventDate "1998.10.??"]
[EventType "team"]
[EventRounds "9"]
[EventCountry "GER"]
[SourceTitle "EXT 2004"]
[Source "ChessBase"]
[SourceDate "2003.11.25"]
[SourceVersion "1"]
[SourceVersionDate "2003.11.25"]
[SourceQuality "1"]
[WhiteTeam "Gottmadingen"]
[BlackTeam "Freiburg II"]
[WhiteTeamCountry "GER"]
[BlackTeamCountry "GER"]

1. Nf3 Nf6 2. c4 c5 3. Nc3 Nc6 4. g3 g6 5. Bg2 Bg7 6. 0-0 0-0 7. d4 cxd4 8. Nxd4 Nxd4 9. Qxd4 d6 10. Qd3 Rb8 11. Be3 b6 12. b3 Bf5 13. Qd2 Qd7 14. Rac1 Bh3 15. Bxh3 Qxh3 16. f3 Rfd8 17. Bg5 Rd7 18. e4 Rdb7 19. Rc2 Qd7 20. Rfc1 Re8 21. Kg2 Qd8 22. Nd5 Nd7 23. g4 Nf8 24. h4 Ne6 25. Be3 Qd7 26. Rh1 Nf8 27. Bd4 Bxd4 28. Qxd4 h6 29. Qe3 Kh7 30. g5 h5 31. Rd1 Qc8 32. Rdc1 Kg7 33. b4 Qd7 34. Kh2 Rc8 35. b5 Qe6 36. a4 Nd7 37. Rc3 Nc5 38. Qd4+ 1/2-1/2